000 00816nam a2200241Ia 4500
003 GCL
008 140319s9999 xx 000 0 ara d
040 _aGCL /
_cGCL
082 0 4 _a327.12
_bب ع
100 1 _aبيتون، فالتراود
245 1 0 _a18 عاما خداعا لاسرائيل :
_bقصة الجاسوس المصرى رفعت الجمال /
_cبيتون، فالتراود
250 _aالاولى
260 _aالقاهرة :
_bمركز الاهرام للترجمة والنشر ،
_c1994
300 _a239 ص:
_bايض ؛
_c22 سم
490 _a
650 0 4 _aمصر
650 0 4 _aالنزاع العربى الاسرائيلى
650 0 4 _aالمخابرات
650 0 4 _aاسرائيل
650 0 4 _aرافت الهجان
650 0 4 _aالجاسوسية
942 _2ddc
_cBK
999 _c28233
_d28233